000 00705nam a2200253Ia 4500
003 OSt
005 20220925204305.0
006 a|||||r|||| 00| 0
007 ta
008 220923b |||||||| |||| 00| 0 eng d
037 _cGeneral Book
040 _aRTL
_cRTL
_beng
041 _2eng
_aeng
082 _aXM8:9-75, M5
110 _aINTERNATIONAL LABOUR OFFICE
245 0 _aMultinational enterprises
_b Information and consult
260 _aGeneva
_bThe Author
_c1985
300 _axii, 195p
_ccm.
500 _aAppendix p 167-95
650 _aMultinational
700 _aINTERNATIONAL LABOUR OFFICE
942 _hXM8:9-75, M5
_cGB
_2CC
999 _c549022
_d549022